|
|
|
|
| LEADER |
00584cam a2200193ua 4500 |
| 008 |
090518t2005||||||||||| 00 ||mal c |
| 020 |
|
|
|a 81-226-0411-0
|
| 041 |
0 |
|
|a mal
|
| 082 |
|
|
|a 894.812 3
|b SRE/C
|
| 245 |
0 |
0 |
|a Sreeramante kathakal /
|
| 260 |
|
|
|a Thrissur:
|b Current Books,
|c 2005.
|
| 300 |
|
|
|a 595p..
|
| 362 |
1 |
|
|a 2005.
|
| 365 |
|
|
|a Rs.260/-
|e pb
|
| 650 |
0 |
|
|a Malayalam
|
| 700 |
0 |
2 |
|a Sreeraman, C.V.,
|
| 942 |
|
|
|c BK
|
| 999 |
|
|
|c 20918
|d 20918
|
| 952 |
|
|
|0 0
|1 0
|4 0
|6 894_812000000000000_3_SRE
|7 0
|9 22077
|a KUCL
|b KUCL
|d 2014-05-23
|l 10
|o 894.812 3 SRE/
|p 21272
|r 2020-01-21
|s 2019-12-07
|w 2014-05-23
|y BK
|